Дело по просьбе содержателя земской почты и обывательских подвод по Новгородской станции крестьянина Якова Никитина об освобожде...

Доступно только в Электронных читальных залах Найти на картеНа карте
RUSMARC
00004661nmc2a2200000 x 450
00189a7201b-f61e-430a-a231-9f42f28e9473
00520171117201509.0
100##$a20160829l18461847k l0rusy0189 ca
1010#$arus
102##$aRU
2001#$aДело по просьбе содержателя земской почты и обывательских подвод по Новгородской станции крестьянина Якова Никитина об освобождении его от поставки подвод для крестьян, переселяющихся в Таврическую губернию и о вознаграждении за убытки, понесенные им при поставке таковых подвод
$j18 мая 1846 г. - 7 июля 1847 г.
251##$cДело
300##$aДело
300##$aОриг. заголовок дела: Дело по просьбе содержателя земской почты и обывательских подвод на Новгородской станции крестьянина Якова Никитина об освобождении его от поставки подвод для крестьян, переселяющихся в Тобольскую губернию и о вознаграждении за убытки, понесенные им при поставке таковых подвод. 18 мая 1846 г. - 7 июля 1847 г
801#0$aRU
$bРГИА
$c20160829
$gRCR
801#1$aRU
$bГлавНИВЦ
$c20160829
$2rusmarc
801#2$aRU
$bПБ им. Б.Н. Ельцина
$c20171117
$gRCR
$2rusmarc
850##$aРГИА
852##$aРГИА
$eФедеральное казенное учреждение "Российский государственный исторический архив" (РГИА)
$j1258
937##$hРГИА
$d12206812
$aASBIBLIO_SCAN
462#0$1001a27eaba9-7cb9-40a7-a26f-8911768d1c13
$12001
$a1846-1847 гг. Дела Департамента полиции исполнительной за 1846 г.
$1251
$cОпись
$1852
$j10
461#0$10013e300ed0-cd39-49af-8489-5ba5b90fa401
$12001
$aДепартамент полиции исполнительной МВД
$1251
$cФонд
$1852
$j1286
215##$a39 л.
$d36,5х26 см
371##$aДокумент не является опубликованным и широко распространяемым
5171#$aДело по просьбе содержателя земской почты и обывательских подвод на Новгородской станции крестьянина Якова Никитина об освобождении его от поставки подвод для крестьян, переселяющихся в Тобольскую губернию и о вознаграждении за убытки, понесенные им при поставке таковых подвод. 18 мая 1846 г. - 7 июля 1847 г
105##$ay###
1222#$ad
035##$a89a7201b-f61e-430a-a231-9f42f28e9473
856##$uhttp://readingroom.main.prlib.ru/item.aspx?id_node=n109219559&mode=full
Формат отображения